| 000 | 00501nam a2200193Ia 4500 | ||
|---|---|---|---|
| 005 | 20221126122816.0 | ||
| 008 | 131103s9999 xx 000 0 und d | ||
| 020 | _cRs.40 | ||
| 040 | _aLoreto College | ||
| 041 | _aEnglish | ||
| 082 |
_a954.14 _bSAR |
||
| 100 | _aSarkar,Susobhan | ||
| 245 |
_aBengal Renaissance and other essays _cSusobhan Sarkar |
||
| 260 |
_aNew Delhi _bPeople's Publishing House _c1970 |
||
| 300 | _a285p. | ||
| 650 | _aBengal Renaissance | ||
| 850 | _aLCLIB | ||
| 942 | _cBK | ||
| 999 |
_c10191 _d60670 |
||